[Event "GER-chT Youth Countries 2018"]
[Site "Wurzburg"]
[Date "2018.10.07"]
[Round "7"]
[White "Puls, Luisa"]
[Black "Weimert, Miriam"]
[Result "0-1"]
[WhiteElo "1456"]
[BlackElo "1776"]
[Annotator "NA"]
[PlyCount "52"]
[EventDate "2018.10.03"]
[EventType "team-tourn"]
[EventCountry "GER"]
[SourceTitle "playchess.com"]
[Source "ChessBase"]
[SourceQuality "1"]

1. d4 Nf6 2. Nf3 g6 3. Bg5 Bg7 4. e3 O-O 5. c4 c5 6. Be2 d6 7. O-O Nbd7 8. Nbd2 b6 9. Qc2 Bb7 10. Rfd1 Rc8 11. Rac1 h6 12. Bf4 Nh5 13. Bg3 Nxg3 14. hxg3 cxd4 15. Nxd4 Ne5 16. Qb3 h5 17. Bd3 Nxd3 18. Qxd3 Qd7 19. b3 h4 20. gxh4 Qg4 21. N4f3 Rc5 22. e4 Bh6 23. Re1 f5 24. Nh2 Qxh4 25. Qh3 Qxh3 26. gxh3 Bxd2 0-1

[Event "GER-chT Youth Countries 2018"]
[Site "Wurzburg"]
[Date "2018.10.07"]
[Round "7"]
[White "Genova, Magdalina"]
[Black "Werner, Denis"]
[Result "0-1"]
[WhiteElo "1425"]
[BlackElo "1817"]
[Annotator "NA"]
[PlyCount "92"]
[EventDate "2018.10.03"]
[EventType "team-tourn"]
[EventCountry "GER"]
[SourceTitle "playchess.com"]
[Source "ChessBase"]
[SourceQuality "1"]

1. g3 d5 2. Bg2 c6 3. Nf3 Bg4 4. d4 Nd7 5. O-O e6 6. c4 Ngf6 7. Qb3 Qb6 8. c5 Qxb3 9. axb3 Be7 10. Bf4 O-O 11. Nc3 Ne4 12. Nxe4 dxe4 13. Nd2 g5 14. Be3 Bxe2 15. Rfe1 Bd3 16. Bxe4 Bxe4 17. Nxe4 h6 18. Nc3 Rfd8 19. b4 a6 20. Ra3 Nf6 21. Rea1 Rac8 22. Rd1 Nd5 23. Nxd5 Rxd5 24. f4 Rcd8 25. Rad3 Kg7 26. R3d2 Bf6 27. Kg2 Kg6 28. Kf3 Bg7 29. Ke2 Kf5 30. h3 Ke4 31. fxg5 hxg5 32. Bxg5 Rxg5 33. Rd3 Rxd4 34. Re3+ Kd5 35. Rf1 Rf5 36. Rxf5+ exf5 37. Kf3 Be5 38. h4 Rxb4 39. h5 Rxb2 40. g4 Rh2 41. Rd3+ Ke6 42. Rd8 Rh3+ 43. Kg2 Rg3+ 44. Kf2 Rxg4 45. Re8+ Kf6 46. h6 Rh4 0-1

[Event "GER-chT Youth Countries 2018"]
[Site "Wurzburg"]
[Date "2018.10.07"]
[Round "7"]
[White "Hubert, Charlotte"]
[Black "Alsheimer, Lea"]
[Result "0-1"]
[WhiteElo "1376"]
[BlackElo "1716"]
[Annotator "NA"]
[PlyCount "76"]
[EventDate "2018.10.03"]
[EventType "team-tourn"]
[EventCountry "GER"]
[SourceTitle "playchess.com"]
[Source "ChessBase"]
[SourceQuality "1"]

1. e4 e6 2. d4 d5 3. Nd2 Nf6 4. e5 Nfd7 5. Bd3 c5 6. c3 b5 7. Ne2 Qb6 8. f4 Nc6 9. Nf3 b4 10. Be3 bxc3 11. bxc3 cxd4 12. cxd4 Nb4 13. Bb1 Ba6 14. O-O Rc8 15. a3 Qb5 16. axb4 Qxe2 17. Qxe2 Bxe2 18. Rf2 Bxf3 19. Rxf3 Bxb4 20. Rxa7 Nb8 21. Rb7 Nc6 22. Rf1 O-O 23. Rc1 Ba5 24. Rc5 g6 25. Rbb5 Bd8 26. Rb7 Re8 27. Rb3 Be7 28. Rc1 Na5 29. Rbc3 Rxc3 30. Rxc3 Nc4 31. Bc1 Bd8 32. Kf2 Bb6 33. Be3 Ra8 34. Bd3 Nxe3 35. Kxe3 Ra4 36. Kf3 Rxd4 37. Bf1 Rd2 38. Rd3 Rf2+ 0-1

[Event "GER-chT Youth Countries 2018"]
[Site "Wurzburg"]
[Date "2018.10.07"]
[Round "7"]
[White "Langer, Paul Georg"]
[Black "Braeutigam, Katerina"]
[Result "0-1"]
[WhiteElo "1348"]
[BlackElo "1696"]
[Annotator "NA"]
[PlyCount "126"]
[EventDate "2018.10.03"]
[EventType "team-tourn"]
[EventCountry "GER"]
[SourceTitle "playchess.com"]
[Source "ChessBase"]
[SourceQuality "1"]

1. e4 d5 2. exd5 Qxd5 3. Nc3 Qa5 4. d4 Nf6 5. Bd2 c6 6. Bc4 Qb6 7. Nf3 Bf5 8. Qe2 e6 9. d5 cxd5 10. Nxd5 Nxd5 11. Bxd5 Nd7 12. O-O Be7 13. Bb3 O-O 14. Bc3 Bf6 15. Bxf6 Nxf6 16. Ne5 Rfd8 17. Rad1 h6 18. Rxd8+ Rxd8 19. Rd1 Ne4 20. Rxd8+ Qxd8 21. g4 Bh7 22. Qf3 Qc7 23. Qd1 Nf6 24. f3 g5 25. Qe2 Qc5+ 26. Kg2 Qd6 27. Nc4 Qd8 28. Qe3 b6 29. Ne5 Qc7 30. c3 Qd8 31. Nc6 Qc7 32. Nd4 Qc5 33. Qd2 Nd5 34. Ne2 Ne3+ 35. Kh1 Nxg4 36. Qd8+ Kg7 37. Qd4+ Qxd4 38. Nxd4 Nf2+ 39. Kg2 Nd3 40. Nc6 a5 41. Kf1 Nxb2 42. Ke2 Bf5 43. Ke3 a4 44. Na7 axb3 45. axb3 Bc2 46. b4 e5 47. Kd2 Bf5 48. Kc1 Nc4 49. Nc6 Be6 50. Kb1 Bd5 51. Ne7 Bxf3 52. h4 Be4+ 53. Ka2 Nd6 54. hxg5 hxg5 55. c4 Kf8 56. c5 Kxe7 57. cxd6+ Kxd6 58. b5 g4 59. Kb3 g3 60. Ka4 g2 61. Kb4 g1=Q 62. Ka4 Qb1 63. Ka3 Kc5 0-1

[Event "GER-chT Youth Countries 2018"]
[Site "Wurzburg"]
[Date "2018.10.07"]
[Round "7"]
[White "Schwenke, Mia"]
[Black "Roncea, Andrea-Alexandra"]
[Result "0-1"]
[WhiteElo "1203"]
[BlackElo "1515"]
[Annotator "NA"]
[PlyCount "144"]
[EventDate "2018.10.03"]
[EventType "team-tourn"]
[EventCountry "GER"]
[SourceTitle "playchess.com"]
[Source "ChessBase"]
[SourceQuality "1"]

1. e4 e5 2. Nf3 Nc6 3. Bc4 Bc5 4. c3 Nf6 5. d4 exd4 6. cxd4 Bb4+ 7. Bd2 Bxd2+ 8. Nbxd2 d5 9. exd5 Nxd5 10. Qb3 Nce7 11. O-O O-O 12. Rfe1 c6 13. Ne5 Qb6 14. Qxb6 axb6 15. Nef3 h6 16. Re2 Be6 17. h3 Rfd8 18. Bb3 Nf5 19. Re4 Nd6 20. Re5 Nb5 21. a4 Nbc7 22. Rae1 Nf4 23. Bc2 Nfd5 24. b3 Nb4 25. Bb1 Ncd5 26. Rc1 Na6 27. Nc4 Nac7 28. Ne3 Nxe3 29. fxe3 Bxb3 30. Re7 Rdc8 31. Ne5 Rxa4 32. Rf1 Kf8 33. Ng6+ Kg8 34. Ne5 f6 35. Nd7 Nd5 36. Re4 Rd8 37. Nxb6 Nxb6 38. Bd3 Bc4 39. Bxc4+ Nxc4 40. Rd1 Ra3 41. Re1 Kf7 42. Kf2 Ra2+ 43. Kf3 Nd2+ 44. Kf4 Nxe4 45. Kxe4 Rxg2 46. Rb1 Rd7 47. Ra1 Rg3 48. h4 Re7+ 49. Kd3 Rgxe3+ 50. Kc4 R3e4 51. h5 Rd7 52. Rd1 Rexd4+ 53. Rxd4 Rxd4+ 54. Kxd4 b5 55. Kc5 f5 56. Kd4 b4 57. Kc4 f4 58. Kc5 f3 59. Kxc6 f2 60. Kd5 f1=Q 61. Kd6 Qf4+ 62. Kc5 Qe4 63. Kb5 Qd4 64. Kc6 Qe5 65. Kb6 Qd5 66. Kc7 Qe6 67. Kb7 Qd6 68. Kc8 Qe7 69. Kb8 Ke6 70. Ka8 Kd6 71. Kb8 Kc6 72. Kc8 Qc7# 0-1